<?xml version="1.0" encoding="UTF-8"?>
<record
    xmlns:xsi="http://www.w3.org/2001/XMLSchema-instance"
    xsi:schemaLocation="http://www.loc.gov/MARC21/slim http://www.loc.gov/standards/marcxml/schema/MARC21slim.xsd"
    xmlns="http://www.loc.gov/MARC21/slim">

  <leader>00792nam a22002177a 4500</leader>
  <datafield tag="999" ind1=" " ind2=" ">
    <subfield code="c">159425</subfield>
    <subfield code="d">159425</subfield>
  </datafield>
  <controlfield tag="005">20181217145953.0</controlfield>
  <controlfield tag="006">a|||||f|||| 00| 0 </controlfield>
  <controlfield tag="007">tc</controlfield>
  <controlfield tag="008">180713b        xxu|||||f|||| 00| 0 eng d</controlfield>
  <datafield tag="010" ind1=" " ind2=" ">
    <subfield code="a">B-089997-B-090008</subfield>
  </datafield>
  <datafield tag="020" ind1=" " ind2=" ">
    <subfield code="c">206.00(per set)</subfield>
  </datafield>
  <datafield tag="035" ind1=" " ind2=" ">
    <subfield code="a">B-089997</subfield>
  </datafield>
  <datafield tag="037" ind1=" " ind2=" ">
    <subfield code="b">A.I.C.B.</subfield>
  </datafield>
  <datafield tag="082" ind1=" " ind2=" ">
    <subfield code="a">480</subfield>
  </datafield>
  <datafield tag="245" ind1=" " ind2=" ">
    <subfield code="a">Developing Language Skills</subfield>
    <subfield code="b">:oral communication, reading comprehension, writing skillsand workbook</subfield>
  </datafield>
  <datafield tag="260" ind1=" " ind2=" ">
    <subfield code="a">New Delhi</subfield>
    <subfield code="b">A.I.C.B.</subfield>
    <subfield code="c">N.D.</subfield>
  </datafield>
  <datafield tag="270" ind1=" " ind2=" ">
    <subfield code="a">Sector-5, Rohini, </subfield>
    <subfield code="b">New Delhi</subfield>
    <subfield code="e">110085</subfield>
    <subfield code="k">011-27054082</subfield>
  </datafield>
  <datafield tag="300" ind1=" " ind2=" ">
    <subfield code="a">3V., various pages</subfield>
    <subfield code="c">30cm(HB)</subfield>
  </datafield>
  <datafield tag="942" ind1=" " ind2=" ">
    <subfield code="2">ddc</subfield>
    <subfield code="c">BRLEN</subfield>
    <subfield code="h">480</subfield>
    <subfield code="m">DEV</subfield>
  </datafield>
  <datafield tag="952" ind1=" " ind2=" ">
    <subfield code="0">0</subfield>
    <subfield code="1">0</subfield>
    <subfield code="3">V.-1</subfield>
    <subfield code="4">0</subfield>
    <subfield code="7">0</subfield>
    <subfield code="8">NFIC</subfield>
    <subfield code="a">BRL</subfield>
    <subfield code="b">BRL</subfield>
    <subfield code="d">2005-07-05</subfield>
    <subfield code="e">2197/05-07-2005</subfield>
    <subfield code="g">206.00</subfield>
    <subfield code="l">0</subfield>
    <subfield code="o">480 DEV</subfield>
    <subfield code="p">B-089997</subfield>
    <subfield code="r">2018-12-17 00:00:00</subfield>
    <subfield code="t">1</subfield>
    <subfield code="w">2018-12-17</subfield>
    <subfield code="y">BRLEN</subfield>
  </datafield>
  <datafield tag="952" ind1=" " ind2=" ">
    <subfield code="0">0</subfield>
    <subfield code="1">0</subfield>
    <subfield code="3">V.-2</subfield>
    <subfield code="4">0</subfield>
    <subfield code="7">0</subfield>
    <subfield code="8">NFIC</subfield>
    <subfield code="a">BRL</subfield>
    <subfield code="b">BRL</subfield>
    <subfield code="d">2005-07-05</subfield>
    <subfield code="e">2197/05-07-2005</subfield>
    <subfield code="g">206.00</subfield>
    <subfield code="l">0</subfield>
    <subfield code="o">480 DEV</subfield>
    <subfield code="p">B-089998</subfield>
    <subfield code="r">2018-12-17 00:00:00</subfield>
    <subfield code="t">1</subfield>
    <subfield code="y">BRLEN</subfield>
  </datafield>
  <datafield tag="952" ind1=" " ind2=" ">
    <subfield code="0">0</subfield>
    <subfield code="1">0</subfield>
    <subfield code="3">V.-3</subfield>
    <subfield code="4">0</subfield>
    <subfield code="7">0</subfield>
    <subfield code="8">NFIC</subfield>
    <subfield code="a">BRL</subfield>
    <subfield code="b">BRL</subfield>
    <subfield code="d">2005-07-05</subfield>
    <subfield code="e">2197/05-07-2005</subfield>
    <subfield code="g">206.00</subfield>
    <subfield code="l">0</subfield>
    <subfield code="o">480 DEV</subfield>
    <subfield code="p">B-089999</subfield>
    <subfield code="r">2018-12-17 00:00:00</subfield>
    <subfield code="t">1</subfield>
    <subfield code="y">BRLEN</subfield>
  </datafield>
  <datafield tag="952" ind1=" " ind2=" ">
    <subfield code="0">0</subfield>
    <subfield code="1">0</subfield>
    <subfield code="3">V.-1</subfield>
    <subfield code="4">0</subfield>
    <subfield code="7">0</subfield>
    <subfield code="8">NFIC</subfield>
    <subfield code="a">BRL</subfield>
    <subfield code="b">BRL</subfield>
    <subfield code="d">2005-07-05</subfield>
    <subfield code="e">2197/05-07-2005</subfield>
    <subfield code="g">206.00</subfield>
    <subfield code="l">0</subfield>
    <subfield code="o">480 DEV</subfield>
    <subfield code="p">B-090000</subfield>
    <subfield code="r">2018-12-17 00:00:00</subfield>
    <subfield code="t">1</subfield>
    <subfield code="w">2018-12-17</subfield>
    <subfield code="y">BRLEN</subfield>
  </datafield>
  <datafield tag="952" ind1=" " ind2=" ">
    <subfield code="0">0</subfield>
    <subfield code="1">0</subfield>
    <subfield code="3">V.-2</subfield>
    <subfield code="4">0</subfield>
    <subfield code="7">0</subfield>
    <subfield code="8">NFIC</subfield>
    <subfield code="a">BRL</subfield>
    <subfield code="b">BRL</subfield>
    <subfield code="d">2005-07-05</subfield>
    <subfield code="e">2197/05-07-2005</subfield>
    <subfield code="g">206.00</subfield>
    <subfield code="l">0</subfield>
    <subfield code="o">480 DEV</subfield>
    <subfield code="p">B-090001</subfield>
    <subfield code="r">2018-12-17 00:00:00</subfield>
    <subfield code="t">1</subfield>
    <subfield code="y">BRLEN</subfield>
  </datafield>
  <datafield tag="952" ind1=" " ind2=" ">
    <subfield code="0">0</subfield>
    <subfield code="1">0</subfield>
    <subfield code="3">V.-3</subfield>
    <subfield code="4">0</subfield>
    <subfield code="7">0</subfield>
    <subfield code="8">NFIC</subfield>
    <subfield code="a">BRL</subfield>
    <subfield code="b">BRL</subfield>
    <subfield code="d">2005-07-05</subfield>
    <subfield code="e">2197/05-07-2005</subfield>
    <subfield code="g">206.00</subfield>
    <subfield code="l">0</subfield>
    <subfield code="o">480 DEV</subfield>
    <subfield code="p">B-090002</subfield>
    <subfield code="r">2018-12-17 00:00:00</subfield>
    <subfield code="t">1</subfield>
    <subfield code="y">BRLEN</subfield>
  </datafield>
  <datafield tag="952" ind1=" " ind2=" ">
    <subfield code="0">0</subfield>
    <subfield code="1">0</subfield>
    <subfield code="3">V.-1</subfield>
    <subfield code="4">0</subfield>
    <subfield code="7">0</subfield>
    <subfield code="8">NFIC</subfield>
    <subfield code="a">BRL</subfield>
    <subfield code="b">BRL</subfield>
    <subfield code="d">2005-07-05</subfield>
    <subfield code="e">2197/05-07-2005</subfield>
    <subfield code="g">206.00</subfield>
    <subfield code="l">0</subfield>
    <subfield code="o">480 DEV</subfield>
    <subfield code="p">B-090003</subfield>
    <subfield code="r">2018-12-17 00:00:00</subfield>
    <subfield code="t">1</subfield>
    <subfield code="w">2018-12-17</subfield>
    <subfield code="y">BRLEN</subfield>
  </datafield>
  <datafield tag="952" ind1=" " ind2=" ">
    <subfield code="0">0</subfield>
    <subfield code="1">0</subfield>
    <subfield code="3">V.-2</subfield>
    <subfield code="4">0</subfield>
    <subfield code="7">0</subfield>
    <subfield code="8">NFIC</subfield>
    <subfield code="a">BRL</subfield>
    <subfield code="b">BRL</subfield>
    <subfield code="d">2005-07-05</subfield>
    <subfield code="e">2197/05-07-2005</subfield>
    <subfield code="g">206.00</subfield>
    <subfield code="l">0</subfield>
    <subfield code="o">480 DEV</subfield>
    <subfield code="p">B-090004</subfield>
    <subfield code="r">2018-12-17 00:00:00</subfield>
    <subfield code="t">1</subfield>
    <subfield code="y">BRLEN</subfield>
  </datafield>
  <datafield tag="952" ind1=" " ind2=" ">
    <subfield code="0">0</subfield>
    <subfield code="1">0</subfield>
    <subfield code="3">V.-3</subfield>
    <subfield code="4">0</subfield>
    <subfield code="7">0</subfield>
    <subfield code="8">NFIC</subfield>
    <subfield code="a">BRL</subfield>
    <subfield code="b">BRL</subfield>
    <subfield code="d">2005-07-05</subfield>
    <subfield code="e">2197/05-07-2005</subfield>
    <subfield code="g">206.00</subfield>
    <subfield code="l">0</subfield>
    <subfield code="o">480 DEV</subfield>
    <subfield code="p">B-090005</subfield>
    <subfield code="r">2018-12-17 00:00:00</subfield>
    <subfield code="t">1</subfield>
    <subfield code="y">BRLEN</subfield>
  </datafield>
  <datafield tag="952" ind1=" " ind2=" ">
    <subfield code="0">0</subfield>
    <subfield code="1">0</subfield>
    <subfield code="3">V.-1</subfield>
    <subfield code="4">0</subfield>
    <subfield code="7">0</subfield>
    <subfield code="8">NFIC</subfield>
    <subfield code="a">BRL</subfield>
    <subfield code="b">BRL</subfield>
    <subfield code="d">2005-07-05</subfield>
    <subfield code="e">2197/05-07-2005</subfield>
    <subfield code="g">206.00</subfield>
    <subfield code="l">0</subfield>
    <subfield code="o">480 DEV</subfield>
    <subfield code="p">B-090006</subfield>
    <subfield code="r">2018-12-17 00:00:00</subfield>
    <subfield code="t">1</subfield>
    <subfield code="w">2018-12-17</subfield>
    <subfield code="y">BRLEN</subfield>
  </datafield>
  <datafield tag="952" ind1=" " ind2=" ">
    <subfield code="0">0</subfield>
    <subfield code="1">0</subfield>
    <subfield code="3">V.-2</subfield>
    <subfield code="4">0</subfield>
    <subfield code="7">0</subfield>
    <subfield code="8">NFIC</subfield>
    <subfield code="a">BRL</subfield>
    <subfield code="b">BRL</subfield>
    <subfield code="d">2005-07-05</subfield>
    <subfield code="e">2197/05-07-2005</subfield>
    <subfield code="g">206.00</subfield>
    <subfield code="l">0</subfield>
    <subfield code="o">480 DEV</subfield>
    <subfield code="p">B-090007</subfield>
    <subfield code="r">2018-12-17 00:00:00</subfield>
    <subfield code="t">1</subfield>
    <subfield code="y">BRLEN</subfield>
  </datafield>
  <datafield tag="952" ind1=" " ind2=" ">
    <subfield code="0">0</subfield>
    <subfield code="1">0</subfield>
    <subfield code="3">V.-3</subfield>
    <subfield code="4">0</subfield>
    <subfield code="7">0</subfield>
    <subfield code="8">NFIC</subfield>
    <subfield code="a">BRL</subfield>
    <subfield code="b">BRL</subfield>
    <subfield code="d">2005-07-05</subfield>
    <subfield code="e">2197/05-07-2005</subfield>
    <subfield code="g">206.00</subfield>
    <subfield code="l">0</subfield>
    <subfield code="o">480 DEV</subfield>
    <subfield code="p">B-090008</subfield>
    <subfield code="r">2018-12-17 00:00:00</subfield>
    <subfield code="t">1</subfield>
    <subfield code="y">BRLEN</subfield>
  </datafield>
</record>
